000 00267nam a2200121Ia 4500
008 190216s9999||||xx |||||||||||||| ||und||
100 _aOja. D.D
245 0 _aHindi- Jul Hi Pran
260 _bSuraj Prakashan
_c2009
300 _a115
650 _aHindi
942 _cBK
999 _c16858
_d16858